01339 a2200181 45000010006000000050017000060080041000230030015000640400040000790800038001192450045001572640055002023000019002575050799002761000028010757000021011037000033011244798120260407155745.0260407a1954 arg spa dAR-UNSa-BCEJYS aAR-UNSa-BCEJYSbspacAR-UNSa-BCEJYS a336.74xMoneda. Sistema monetario10aTeoría monetaria y política físcal 1aBuenos Aires :bFondo de Cultura Económicac1954 a273 p.c21 cm. a1. La relación entre la cantidad de dinero y el monto de los ingresos a través de la historia - 2. La "creación" de dinero - 3. L teoría cuantitativa y si versión marshallina - 4. La preferencia por la liquidez, la inversión y el consumo - 5. El ingreso y la tasa de interés - 6. La teoría del ingreso: Tooke, Wicksell, Aftalion, Keynes - 7. Las funciones de costo, la ocupación y los precios - 8. Salarios y precios - 9. La teoría Keynesiana del dinero y de los precios - 10. Ojeada histórica a los precios: factores tendientes a producir estabilidad - 11. La política monetaria y fiscal en la inflación postbélica - 12. Función del dinero en la política fiscal - 13. Una política fiscal compensatoria dirigida - 14. Expansión monetaria e ingreso nacional. 1 aJustic de Flores, Alena1 aHansen, Alvin H.1 aFlores de la Peña, Horacio